Régimen patrimonial de las uniones registradas : aspectos estatales y supraestatales (a propósito del Reglamento UE 2016/1104) /

Đã lưu trong:
Chi tiết về thư mục
Tác giả khác: Rodríguez Benot, Andrés (Giám đốc), Hornero Méndez, César (Giám đốc), Carrizo Aguado, David (coordinador.), Arribas León, Mónica (autora.), Blasco Rasero, Cristina (autora.)
Định dạng: eBook
Ngôn ngữ:Tiếng Tây Ban Nha
Được phát hành: Pamplona : Aranzadi (LA LEY Soluciones Legales S.A.), 2022.
Loạt:Estudios.
Những chủ đề:
Truy cập trực tuyến:https://elibro.unach.elogim.com/es/lc/unach/titulos/289791
Các nhãn: Thêm thẻ
Không có thẻ, Là người đầu tiên thẻ bản ghi này!

MARC

LEADER 00000nam a2200000 i 4500
001 ELB289791
003 FINmELB
005 20251204234400.0
006 m o d |
007 cr cnu||||||||
008 251125s2022 sp o 001 0 spa d
017 |a NA-1974-2022  |b España 
020 |a 9788411241939  |q (e-book) 
020 |a 9788411241946  |q (print) 
035 |a (OCoLC)1564682786 
040 |a FINmELB  |b spa  |e rda  |c FINmELB 
050 4 |a KJC1104  |b R44 2022 
080 |a 347.62(4) 
082 0 4 |a 346.016  |2 23 
245 0 0 |a Régimen patrimonial de las uniones registradas :  |b aspectos estatales y supraestatales (a propósito del Reglamento UE 2016/1104) /  |c César Hornero Méndez, Andrés Rodríguez Benot (directores) ; David Carrizo Aguado (coordinador) ; Mónica Arribas León, Cristina Blasco Rasero, Antoni Bosch Carrera, Laura García Álvarez, César Hornero Méndez, Nuria Marchal Escalona, Andrés Rodríguez Benot, María de los Reyes Sánchez Moreno, María Serrano Fernández, Mercedes Soto Moya. 
264 1 |a Pamplona :  |b Aranzadi (LA LEY Soluciones Legales S.A.),  |c 2022. 
300 |a 1 recurso en línea (462 páginas) 
336 |a texto  |b txt  |2 rdacontent/spa 
337 |a computadora  |b c  |2 rdamedia/spa 
338 |a recurso en línea  |b cr  |2 rdacarrier/spa 
490 1 |a Estudios 
500 |a Incluye índice. 
588 |a Descripción basada en metadatos suministrados por el editor y otras fuentes. 
590 |a Recurso electrónico. Santa Fe, Arg.: elibro, 2025. Disponible vía World Wide Web. El acceso puede estar limitado para las bibliotecas afiliadas a elibro. 
650 4 |a Uniones registradas  |x Aspectos patrimoniales  |z Europa. 
655 4 |a Libros electrónicos. 
700 1 |a Rodríguez Benot, Andrés,  |e director. 
700 1 |a Hornero Méndez, César,  |e director. 
700 1 |a Carrizo Aguado, David,  |e coordinador. 
700 1 |a Arribas León, Mónica,  |e autora. 
700 1 |a Blasco Rasero, Cristina,  |e autora. 
797 2 |a elibro, Corp. 
830 0 |a Estudios. 
856 4 0 |u https://elibro.unach.elogim.com/es/lc/unach/titulos/289791